Handbook of Technology Application in Tourism/ (Record no. 613572)

000 -LEADER
fixed length control field 00518nam a22001577a 4500
020 ## - INTERNATIONAL STANDARD BOOK NUMBER
International Standard Book Number 978-1647285142
082 ## - DEWEY DECIMAL CLASSIFICATION NUMBER
Classification number 338.4791
Author Mark BAK
100 ## - MAIN ENTRY--PERSONAL NAME
Personal name Baker, Elise
245 ## - TITLE STATEMENT
Title Handbook of Technology Application in Tourism/
Statement of responsibility, etc. Elise Baker
260 ## - PUBLICATION, DISTRIBUTION, ETC.
Place of publication, distribution, etc. USA;
Name of publisher, distributor, etc. Willford Press,
Date of publication, distribution, etc. 2023.
300 ## - PHYSICAL DESCRIPTION
Extent vii, 228 p.
504 ## - BIBLIOGRAPHY, ETC. NOTE
Bibliography, etc. note Includes bibliographical references and index.
563 ## - BINDING INFORMATION
Binding note HB
650 ## - SUBJECT ADDED ENTRY--TOPICAL TERM
Topical term or geographic name entry element Tourism--technological innovations. 2.Tourism, 3.tourism--information technology
942 ## - ADDED ENTRY ELEMENTS (KOHA)
Source of classification or shelving scheme
Koha item type Book
650 ## - SUBJECT ADDED ENTRY--TOPICAL TERM
-- 128673
Holdings
Withdrawn status Lost status Source of classification or shelving scheme Damaged status Not for loan Permanent Location Current Location Shelving location Date acquired Source of acquisition Cost, normal purchase price Total Checkouts Full call number Barcode Date last seen Price effective from Koha item type
          Central Library (CL) Central Library (CL) Commerce 04/14/2025 Progressive Int Agencies PVT 34129.76   338.4791 BAK CL-1676 04/14/2025 04/14/2025 Book
© 2023 Central Library, National University of Sciences and Technology. All Rights Reserved.